Statistiques concernant Les acteurs nommés au César du meilleur acteur

Cliquez ici pour prendre le quiz!

Statistiques générales

  • Ce quiz a été pris 1 368 fois
  • Le résultat moyen est 136 sur 197

Statistiques - réponses

HintRéponse% Correct
Camille Claudel | Cyrano de Bergerac | Danton | +13 othersGérard Depardieu
96%
VersaillesGuillaume Depardieu
96%
OSS 117 : Le Caire, nid d'espions | The ArtistJean Dujardin
95%
Les visiteurs | LéonJean Reno
93%
Les visiteursChristian Clavier
91%
Didier | Gazon maudit | Prête-moi ta mainAlain Chabat
89%
IntouchablesOmar Sy
89%
Les choristes | Tandem | Une époque formidableGérard Jugnot
88%
Tchao PantinColuche
87%
36 quai des Orfèvres | Après vous | Jean de Florette, Manon des Sources | +9 othersDaniel Auteuil
87%
Je vous trouve très beau | Les témoins | Monsieur Hire | Tenue de soiréeMichel Blanc
87%
Le dîner de consJacques Villeret
85%
Itinéraire d'un enfant gâtéJean-Paul Belmondo
85%
L'instinct de mort, L'ennemi public n°1 | La haine | Sur mes lèvresVincent Cassel
85%
A l'origine | Intouchables | Le dernier pour la route | +2 othersFrançois Cluzet
84%
Le prénomPatrick Bruel
84%
Docteur Petiot | Garde à vue | La cage aux folles | +4 othersMichel Serrault
83%
Coup de torchon | La vie et rien d'autre | Le vieux fusil | +2 othersPhilippe Noiret
83%
Monsieur Klein | Mort d'un pourri | Notre histoireAlain Delon
82%
De battre mon coeur s'est arrêté | L'arnacoeurRomain Duris
79%
ChouchouGad Elmaleh
78%
Des hommes et des dieux | Hiver 54, l'abbé Pierre | Rendez-vousLambert Wilson
78%
Cherchez Hortense | Kennedy et moi | Le goût des autres | Les sentimentsJean-Pierre Bacri
73%
Garçon ! | I... comme IcareYves Montand
73%
Mélo | On connaît la chanson | TanguyAndré Dussolier
72%
SubwayChristophe Lambert
72%
Les garçons et Guillaume, à table !Guillaume Gallienne
72%
Alceste à bicyclette | Beaumarchais, l'insolent | Dans la maison | La discrèteFabrice Luchini
71%
Courage fuyons | Le Crabe-tambour | Le mari de la coiffeuse | TandemJean Rochefort
71%
Entre ses mains | PodiumBenoît Poelvoorde
70%
Ceux qui restent | La crise | Ma petite entreprise | +2 othersVincent Lindon
69%
9 mois ferme | Deux jours à tuer | La maladie de SachsAlbert Dupontel
68%
Beau-père | La meilleure façon de marcher | Le juge Fayard dit Le Shériff | +2 othersPatrick Dewaere
67%
Le cousin | Pédale doucePatrick Timsit
67%
C'est la vie | Van GoghJacques Dutronc
66%
Amour | Fiesta | Trois couleurs : RougeJean-Louis Trintignant
66%
Itinéraire d'un enfant gâtéRichard Anconina
66%
L'été meurtrierAlain Souchon
65%
Les MisérablesLino Ventura
65%
Faut que ça danse | Les galettes de Pont-Aven | Tous les matins du mondeJean-Pierre Marielle
64%
AmenMathieu Kassovitz
64%
ClocloJérémie Renier
63%
Le juge et l'assassinMichel Galabru
63%
Le souperClaude Rich
62%
Le fils préféré | Tir groupéGérard Lanvin
62%
37°2 le matin | Nocturne indienJean-Hugues Anglade
61%
Le couperetJosé Garcia
60%
Le pianisteAdrien Brody
59%
Le grand bleuJean-Marc Barr
59%
La belle noiseuse | La diagonale du fou | Milou en mai | Une étrange affaireMichel Piccoli
59%
Le grand cheminRichard Bohringer
59%
Coluche, l'histoire d'un mecFrançois-Xavier Demaison
57%
Comment j'ai tué mon père | Le promeneur du Champ-de-Mars | RenoirMichel Bouquet
56%
Dialogue avec mon jardinier | Le poulpeJean-Pierre Daroussin
55%
Le petit prince a ditRichard Berry
55%
Un prophèteTahar Rahim
55%
La guerre des polices | Le souper | Une histoire simpleClaude Brasseur
54%
Gainsbourg, vie héroïqueEric Elmosnino
54%
La Vénus à la fourrure | Le scaphandre et le papillon | Rois et reineMathieu Amalric
54%
Smoking/No smokingPierre Arditi
54%
L'ennui | Les destinées sentimentales | Nettoyage à sec | RidiculeCharles Berling
52%
Ca commence aujourd'hui | Capitaine Conan | L'équipier | Présumé coupablePhilippe Torreton
52%
Se souvenir des belles chosesBernard Campan
51%
Le nom des gens | Le premier jour du reste de ta vieJacques Gamblin
51%
Harry, un ami qui vous veut du bienSergi Lopez
50%
L'homme est une femme comme les autresAntoine de Caunes
49%
La conquêteDenis Podalydès
49%
Monsieur Ibrahim et les fleurs du CoranOmar Sharif
49%
Le sucre | Miss MonaJean Carmet
48%
Une affaire de goûtBernard Giraudeau
46%
Mon idoleFrançois Berléand
46%
La balancePhilippe Léotard
46%
Cousin, CousineVictor Lanoux
45%
RaptYvan Attal
44%
L'homme qui aimait les femmesCharles Denner
38%
Hors la vie | Un monde sans pitiéHippolyte Girardot
38%
Le nombril du mondeMichel Boujenah
38%
De guerre lasse | La femme de ma vieChristophe Malavoy
36%
L'exercice de l'EtatOlivier Gourmet
35%
Omar m'a tuerSami Bouajila
35%
Je ne suis pas là pour être aiméPatrick Chesnais
33%
Michael KohlhaasMads Mikkelsen
32%
Ceux qui m'aiment prendront le train | La confusion des genresPascal Greggory
31%
Escalier CRobin Renucci
29%
Holly motorsDenis Lavant
28%
Mon âme par toi guérieGrégory Gadebois
26%
Son frèreBruno Todeschini
24%
Un dimanche à la campagneLouis Ducreux
24%
La chambre des officiersEric Caravaca
21%

Distribution des résultats

Percentile par nombre de réponses

% des personnes avec chaque résultat

Votre développement - résultats

Vous n’avez pas pris ce quiz